00310pab a2200133 454500008004000000100001500040245002600055260000900081300001000090362001000100650002700110650002200137773001700159180718b1998 xxu||||| |||| 00| 0 eng d aViswan, S. aBJP's identity crisis c1998 ap.2-4 a9 May aBharatiya Janata Party aPolitical parties aYoung Indian